Szczegóły MARC21

Ekonomia T.1 /

005 -DATA I CZAS OSTATNIEJ MODYFIKACJI [,]
    • @
    • pole kontrolne
    • 20070315155141.9
020 -Międzynarod. znormalizowany nr książki - ISBN [ , ]
    • a
    • Numer ISBN
    • 8301116234 Find
040 -Instytucja sporządzająca opis [ , ]
    • a
    • Instytucja, która sporządziła opis (NP)
    • SZCZ U
    • c
    • Instytucja, która sporządziła rekord (NP)
    • SZCZ U
041 -Język dokumentu [1, ]
    • a
    • Język tekstu (P)
    • polski
    • h
    • Język tekstu oryginalnego i/lub pośredniego (P)
    • angielski
942 -Rodzaj dokumentu [ , ]
    • c
    • Rodzaj dokumentu
    • Książka
100 -Hasło główne - nazwa osobowa [ , ]
    • a
    • Nazwa osobowa (NP)
    • SAMUELSON PAUL A.
245 -Strefa tytułu i oznaczenia odpowiedzialności [1, ]
    • a
    • Tytuł
    • Ekonomia Find
    • n
    • Oznaczenie części (P)
    • T.1 /
    • c
    • Pozostałe elementy strefy tytułu i oznaczenia odpowiedzialności (NP)
    • przedm. do wyd. polskiego [...] napisał Krzysztof Hagemejer.
260 -Strefa adresu wydawniczego [ , ]
    • a
    • Miejsce wydania (P)
    • Warszawa :
    • b
    • Nazwa wydawcy (P)
    • Wydaw.Nauk.PWN,
    • c
    • Data wydania (P)
    • 1998.
300 -Strefa opisu fizycznego [ , ]
    • a
    • Określenie formy książki i/lub objętość (NP)
    • 845 s :
    • b
    • Oznaczenie ilustracji (NP)
    • il :
    • c
    • Format (NP)
    • 25 cm.
500 -Uwaga ogólna [ , ]
    • a
    • Uwaga ogólna (NP)
    • Tł. z ang
080 -Uniwersalna Klasyfikacja Dziesiętna [ , ]
    • a
    • Symbol klasyfikacji
    • 330.101.541/.542(075.8)
980 -Symbol UKD [ , ]
    • a
    • UKD
    • 330.101.541/.542(075.8)
700 -Hasło dodatkowe - nazwa osobowa [ , ]
    • a
    • Nazwa osobowa (NP)
    • Nordhaus William D. Find
700 -Hasło dodatkowe - nazwa osobowa [ , ]
    • a
    • Nazwa osobowa (NP)
    • Hagemejer Krzysztof Find
920 -ISBN [ , ]
    • a
    • ISBN
    • 83-01-11623-4 Find
Status udost. Sygnatura Numer inwentarzowy Lokalizacja Data inwentaryzacji
-3 S.87147BE2000-11-16
-5W.194126W.196050BG1998-10-22
2W.194126W.196051BG1998-10-22
2W.194126W.196052BG1998-10-22
2W.194126W.196053BG1998-10-22
2W.194126W.196054BG1998-10-22
2W.194126W.196055BG1998-10-22
2W.194126W.196056BG1998-10-22
-5W.194126W.196057BG1998-10-22
-3T.233T.233T1998-12-03